00586nam a2200157 a 450000100100000000500170001000800410002702000180006804000250008624500600011126000350017130000360020671000640024295201050030699900170041100004389220201002045030.0140508s2009 cl ac 000 0 spa d a9788483470978 aDO-SdBNPbspacBNPHU00aCantos de Desarraigo :btravesia de las costa pacifica. a[s.l.] :b(FUNDARTECP),c2009. a169 p. :bil., retrs. ;c13 cm.2 aFundación Arte y Cultura del Pacifico (FUNDARTECP)971787 001050718MOaGRbGRcCTd2014-05-08iLF1l0o p43892-10r2020-06-25w2020-06-25y1ZNo se presta c43381d43381